Statystyki dla ZNANE POLSKIE TELENOWELE:

Kliknij tutaj aby rozwiązać quiz!

Ogólne statystyki

  • Ten quiz został rozwiązany 66 razy
  • Średni wynik to 4 z 6

Statystyki odpowiedzi

Odpowiedź% Poprawnych
KLAN
93%
M JAK MIŁOŚĆ
91%
BARWY SZCZĘŚCIA
71%
NA WSPÓLNEJ
64%
NA DOBRE I NA ZŁE
60%
PIERWSZA MIŁOŚĆ
60%

Rozkład punktacji

Percentyl według liczby udzielonych odpowiedzi

Procent ludzi z każdym wynikiem

Twoja historia wyników

Nie rozwiązałeś tego quizu